[Event "Dortmund SuperGM 36th"]
[Site "Dortmund"]
[Date "2008.06.29"]
[Round "2"]
[White "Nepomniachtchi, Ian"]
[Black "Mamedyarov, Shakhriyar"]
[Result "1/2-1/2"]
[WhiteElo "2634"]
[BlackElo "2752"]
[Annotator "Marin,M"]
[PlyCount "79"]
[EventDate "2008.06.28"]
[EventType "tourn"]
[EventRounds "7"]
[EventCountry "GER"]
[EventCategory "18"]
[SourceTitle "CBM 125"]
[Source "ChessBase"]
[SourceDate "2008.07.30"]
[SourceVersion "1"]
[SourceVersionDate "2008.07.30"]
[SourceQuality "1"]

1. e4 e5 2. Nf3 Nc6 3. Bb5 a6 4. Ba4 Nf6 ({Lately, Mamedyarov has faced some
difficulties in his favourite deferred Steinitz variation:} 4... d6 5. c3 (5.
O-O Bd7 6. d4 $5 exd4 7. Nxd4 b5 8. Nxc6 Bxc6 9. Bb3 Nf6 10. c4 $5 {Leko,P 
(2753)-Mamedyarov,S (2760)/Wijk aan Zee 2008/[Marin] (1-0, 27)}) 5... g6 6. d4
Bd7 7. O-O Bg7 8. Re1 b5 9. Bc2 exd4 10. cxd4 Bg4 11. Be3 Nge7 12. Nc3 O-O 13.
Rc1 {Anand,V (2799)-Mamedyarov,S (2760)/Wijk aan Zee 2008/CBM 122/[Marin] (1/
2-1/2, 36)}) 5. O-O Be7 6. d3 ({A more topical move order to reach the game
variation would be} 6. Re1 d6 $5 {etc., a line that has been advocated by
Adams.}) 6... d6 7. c3 Bg4 8. Nbd2 (8. h3 Bh5 9. Re1 Nd7 10. Be3 h6 11. g4 $5 {
Topalov,V (2801)-Mamedyarov,S (2709)/Wijk aan Zee 2006/CBM 111/[Finkel,A] (1/
2-1/2, 46)} (11. Nbd2 Bg5 {Kamsky,G (2705)-Adams,M (2734)/Sofia 2007/CBM 118/
[Marin] (1/2-1/2, 94)}) 11... Bg6 12. Nbd2 Bg5 (12... h5 $5 {Topalov,V (2801)
-Mamedyarov,S (2709)/Wijk aan Zee 2006/CBM 111/[Finkel,A] (1/2-1/2, 46)}) 13.
Nxg5 $5 hxg5 14. Kg2 {Shirov,A (2699)-Adams,M (2734)/Elista 2007/CBM 119/
[Marin] (1-0, 48)}) 8... Nd7 9. h3 Bh5 10. Re1 Nc5 11. Bc2 Ne6 12. Nf1 Bg5 {
An important moment. Black is interested in exchanging (or just activating)
his relatively passive dark-squared bishop.} ({However, a more popular way to
achieve that is} 12... Ng5 {. At some point,} 13. N1h2 {has been recommended,
but Black seems to be doing fine here, too.} (13. Bxg5 Bxg5 14. Ng3 Bxf3 15.
Qxf3 g6 $10 {Topalov,V (2750)-Short,N (2695)/Novgorod 1996/CBM 054/[Short] (1/
2-1/251),}) 13... O-O (13... Nxf3+ $6 14. Nxf3 O-O 15. g4 $5 Bg6 16. d4 exd4 $6
17. Nxd4 $1 $14 {Ivanov,A (2560)-Christiansen,L (2555)/Parsippany 1996/CBM 055/
[Blatny,P] (1-0, 48)}) 14. Ng4 Kh8 15. Be3 Nxf3+ 16. Qxf3 Bg6 17. d4 exd4 18.
cxd4 Nb4 19. Bb1 d5 $132 {Brenjo,S (2485)-Pavlovic,M (2438)/Senta 2007/CBM 119
ext (1/2-1/2, 25)}) 13. Ng3 Bxf3 ({Preserving the light-squared bishop from
exchange with} 13... Bxc1 14. Rxc1 Bg6 {is risky strategically, because White
is well regrouped and g6 is not such a great square.} 15. d4 Nf4 16. Ba4 Qf6
17. Bxc6+ bxc6 18. Re3 O-O 19. Qa4 c5 20. dxc5 dxc5 {Akopian,V (2713)-Filippov,
A (2496)/Khanty-Mansiysk 2007/CBM 122 (1/2-1/2, 55)} 21. Qc4 Rab8 22. b4 $14)
14. Qxf3 O-O (14... Bxc1 15. Raxc1 O-O 16. b4 {[%cal Gc2b3]} (16. a3 $6 {
does not make too much sense.} Ne7 17. Bb3 Ng6 18. Qg4 Ngf4 19. Nh5 Nxh5 20.
Qxh5 Nf4 21. Qf3 g6 $11 {Yu Shaoteng (2516)-Wu Wenjin (2523)/Beijing 2005/CBM
110 (1/2-1/2, 43)}) 16... Ne7 17. Nf5 Ng6 (17... g6 18. Ne3 $14 {[%cal Gc2b3,
Ga2a4]}) 18. g3 $14) 15. Be3 g6 16. Bb3 $146 {It is hard to say whether this
is an improvement over the choice of the 7th World Champion in an old game.
Possibly, both moves are equally good, ensuring White a small, but long
lasting plus.} (16. Ne2 Kg7 17. d4 $14 Bxe3 (17... exd4 $6 18. cxd4 Bxe3 19.
Qxe3 Qf6 20. Rad1 $16 {Smyslov,V-Ragozin,V/Moscow 1940/URS-ch (1-0, 32)}) 18.
Qxe3 Na5 (18... Ne7 19. Rad1 Qe8 20. Qg3 $14) 19. b3 (19. Rad1 Nc4 20. Qg3 Qf6
$11) 19... Qh4 20. d5 Nc5 21. c4 $14) 16... Kg7 17. Ne2 Nc5 {The introduction
to a premature plan.} ({However, it is not easy to suggest a safe way to
equality for Black, for instance} 17... Bxe3 18. Qxe3 Qg5 19. Qxg5 Nxg5 20. Bd5
(20. f4 Ne6 21. g3 Rae8 22. Kg2 f5) 20... Rae8 (20... f5 21. exf5 gxf5 22. d4
$14) 21. b4 f5 22. a4 f4 23. f3 Ne6 24. d4 $36 {[%cal Gd5e6,Gd4d5]} exd4 25. b5
$1 $14) 18. Bc2 f5 $6 (18... Ne6 19. d4 {transposes to Smyslov,V-Ragozin,V/
Moscow 1940/URS-ch (1-0, 32) above.}) 19. Bxc5 $1 dxc5 20. exf5 Rxf5 {[%csl
Ge4]} (20... gxf5 21. Ng3 Qd7 22. Bb3 $36) 21. Qg4 $16 {White's better
structure and the control of the e4-square offer him a stable advantage. The
presence of opposite-squared bishops does not make things easier for Black in
the middlegame.} Bh4 22. Rf1 Kh8 23. Ba4 b5 24. Bb3 Na5 25. Be6 $6 {White did
not need to preserve his bishop from exchange.} ({The centralizing move} 25.
Qe4 {should have been preferred.} Rb8 {Getting the rook out of the reach of
the white queen, in order to free his own queen from its defensive task.} (
25... Nxb3 26. axb3 $16 {[%csl Ga6][%cal Gg2g3,Gg1g2,Ge2g1,Gg1f3]}) (25... c4
26. Bc2 $5 $16 {[%cal Gb2b4]}) 26. g3 Be7 27. Be6 Rf6 28. Qxe5 $16 Qxd3 $2 29.
Rad1 Qc2 30. Bb3 Nxb3 31. Qxe7 $18) 25... Rf8 26. a4 Qf6 27. g3 h5 28. Qxh4
Qxe6 29. Qe4 Qf5 30. Qxf5 gxf5 $14 {Black has managed to trade bishops and
improve his kingside structure. He has good chances for survival now.} 31. axb5
axb5 32. f4 e4 33. dxe4 fxe4 34. Rfd1 Nc4 35. Rxa8 Rxa8 36. Rd7 Ra1+ 37. Kf2
Nxb2 38. Ke3 Nc4+ 39. Kxe4 Re1 40. Kf3 1/2-1/2

[Event "Tata Steel-C 75th"]
[Site "Wijk aan Zee"]
[Date "2013.01.26"]
[Round "12"]
[White "Mekhitarian, Krikor Sevag"]
[Black "Gretarsson, Hjorvar Steinn"]
[Result "1-0"]
[WhiteElo "2543"]
[BlackElo "2516"]
[Annotator "Mekhitarian,K"]
[PlyCount "141"]
[EventDate "2013.01.12"]
[EventType "tourn"]
[EventRounds "13"]
[EventCountry "NED"]
[EventCategory "9"]
[SourceTitle "CBM 153"]
[Source "ChessBase"]
[SourceDate "2013.03.14"]
[SourceVersion "1"]
[SourceVersionDate "2013.03.14"]
[SourceQuality "1"]

1. e4 e5 2. Nf3 Nc6 3. Bb5 a6 4. Ba4 Nf6 5. O-O Be7 6. d3 {It is always good
to defend your pawns! It is probably more interesting here than in the move
before, because in that case, Black could choose 5...d6 with g6-Bg7, a good
development for the f8-B, or even 5...Bc5!? With this order, I restrict those
possibilities, allowing, on the other hand, the Open Ruy Lopez (5...Nxe4).} b5
7. Bb3 d6 8. a4 Bd7 9. c3 O-O (9... Na5 {was seen recently:} 10. Bc2 c5 11. d4
Qb8 (11... Nc6 {on the other hand, was seen in 1955:} 12. dxe5 dxe5 13. Qe2 O-O
14. Rd1 Qc7 15. Nbd2 Na5 16. Nf1 c4 17. axb5 axb5 18. Bg5 {Now Ne3 is coming,
and the good control over d5 gives White a decent edge already} Bc6 19. Ne3 $16
{1-0 (40) Pilnik,H-Trifunovic,P Buenos Aires 1955}) 12. axb5 (12. Bg5 $5 Be6
13. Nbd2 O-O $13) 12... axb5 13. b3 Bg4 14. Nbd2 cxd4 15. cxd4 O-O 16. h3 Bh5
17. Bb2 {1/2-1/2 (81) Van Kampen,R (2581)-Melkumyan,H (2656) Basel 2013; and
it feels comfortable for White.}) 10. Bc2 $5 {In the day before, I had
prepared mostly for various Sicilians, that used to be in the taste of my
opponent. He had played some 1...e5 lately, but then I was down for 6.d3 and
just play chess. Accidentally, I bumped into these two Karjakin and Grischuk
games with 10.Bc2, and during the game I thought for a while to try and
understand it - something I did not succeed in doing - but at least avoiding
this typical Na5-c5 plan seemed interesting, so why not give it a try?} Re8 {
As usual, I already started tanking here, because  A) the position is rich,
complex and has many subtleties,  B) I always do that!} 11. h3 Bf8 {Now I
remembered Grischuk had played some Bg5 idea, in a similar position after Bf8
and got a great position, mostly because Kamksy allowed the doubling of the
f-pawns.} 12. Re1 (12. Bg5 {White had Re1 instead of h3, actually} h6 $2 (12...
Rb8 {I wasn't so sure how to react after this, since h6 is coming next}) 13.
axb5 axb5 14. Rxa8 Qxa8 15. Bxf6 gxf6 $14 {The computer says Black has an
acceptable position, but I wouldn't think this is anyhow better than keeping
the g7-P home.}) 12... g6 13. Nbd2 Bg7 14. Nf1 h6 15. Ne3 Kh7 {A bit of a
strange looking move, since I can have Bb3 at some point.} 16. Kh2 {Let me be
perfectly honest - I didn't want to commit to anything and wanted to see what
his next move was. Neither d4, b4, axb5 nor anything seemed fantastic at the
moment. And I didn't see highly constructive moves for him either. I find the
position so interesting because there's nothing clear to do for either side -
everything seems to involve some sort of a concession.} Rb8 17. axb5 $1 {
Now I get something going, the a-file invasion could be highly useful for me.}
axb5 18. Bb3 Be6 (18... Qe7 $5 {was another way to go, not making my
intentions any easier.}) 19. Bxe6 Rxe6 20. Qb3 Nd7 21. Bd2 {Generally I
started to feel I would have some pressure on the some light squares, the a
file, and the N on c6 would be awkard for some time, meaning I was pretty
happy with my opening achievement so far. Besides, I had +1 in the tournament
and needed to fight more than ever to score 2 wins in the last rounds.} Nc5 22.
Qc2 Re8 23. h4 $5 {...with the ghost-threat of h5, and whenever he goes h5, I
could use g5 for some annoying business - maybe Nd5 then and Ne7 is not
possible right away because of Bg5.} (23. b4 Ne6 24. Nd5 {didn't seem much to
me, but could've been played} Ne7 $1 $13 {my feeling was that whenever he gets
to play this and c6 next, there are no clear reasons for him to be worse - ok,
I've got the a-file, but he can fight that.}) 23... Ne6 24. g3 (24. h5 {
after all it didn't seem so clear if it's that bad if he just takes the pawn,
but I probably mis-evaluated it since I can get Rh1 in quickly enough, and Kg1
if there's no time for g3-Kg2, but in fact} Nf4 $1 {would be the main issue,
Black gets some play on the f-file} (24... gxh5 25. Rh1 $1 $16) 25. hxg6+ fxg6
26. Rh1 Qd7 27. Kg1 Kg8 $13 {with Rf8-Qf7 to come.}) 24... Ra8 25. Qb3 {
Oops! I had an eye on the Qf6 threat, but I just forgot it now - luckily
everything is still under control.} Qf6 26. Rxa8 (26. Kg2 $4 Qxf3+ $19) 26...
Rxa8 27. Qd1 $8 Nc5 28. Nd5 Qd8 29. Be3 Ne6 $6 {Too passive, allows me to keep
on attacking the b5-pawn and combine that with a K-side annoyance.} (29... Ne7
$1 $13 {during the game I felt he may have a move like this, because my
remaining N at f3 won't be such an amazing piece, if I exchange a couple of
minor pieces, and the d3-pawn could also get under pressure (that is if I
exchange everything)}) 30. Qb3 Qb8 31. Kg2 {Always useful - now also freeing
h2 for the N.} Qb7 (31... h5 {It was time to avoid h4-h5 once for all. After
which White could be trying to construct something based on d4 at some point -
maybe Rc1 with Qd1, as in the game.}) 32. Rc1 (32. h5 $1 {was good enough
already} g5 33. Nh2 $16 {and apart from these tactical ideas on the a8-h1
diagonal, Black should be suffering positionally after Ng4 (not to mention
Qd1-Qg4 at some point)}) 32... Na5 (32... Ncd8 $5 $14 {trying to regroup with
c6}) (32... Nb8 $5 $14) 33. Qd1 Nc6 {In time trouble already, I had a hard
time deciding whether to play the solid 34.Ra1 or the exciting 34.h5 (since I
noticed he had f5-f4 coming)} 34. h5 $1 {Why not run into complications with 2
minutes on the clock?} g5 35. Nh2 f5 36. Qf3 f4 37. Qg4 $1 {Important detail.
Now there is no satisfactory way for Black to hold his own. For example:} Qc8 (
37... Ncd8 38. gxf4 gxf4 39. Qg6+ Kh8 40. Qe8+ Nf8 (40... Bf8 41. Nf6 $1 fxe3
42. Rg1 $1 $18) 41. Ne7 $1 Kh7 (41... fxe3 42. fxe3 {with a deadly Rf1 coming}
c5 43. Rf1 Nc6 44. Qxc6 Qxc6 45. Nxc6 $16) 42. Ng4 {Nf6 threatened} c5 (42...
c6 {[%cal Gb7e7]} 43. Bb6 $1 $18) 43. Bxc5 $1 {Now we get into some crazy
computer lines, that would involve so much risk during a human game that
anything could happen} dxc5 44. Nxe5 {N5g6 coming with brutal effect. And
whenever Nde6 comes, Qf7 and mate on g8 is kind of unstoppable!} Qa6 45. Nd7 $1
Nb7 46. Nxf8+ Bxf8 47. Qf7+ Bg7 48. Nf5 Rg8 49. Qg6+ $3 Qxg6+ 50. hxg6+ Kh8 51.
Ra1 $16 {cool! it must be nice to be able to calculate like this.}) (37... Nf8
38. gxf4 gxf4 39. Bd2 Qc8 40. Qxc8 Rxc8 41. b4 $16 {with a strong positional
grip - Ra1 and the h2-N is rejoining the battle.}) 38. Qf5+ Kh8 39. Bd2 Nc5 40.
Qg6 $2 {In the 40th move, with less than a minute to play, I lose my way and
miss a nice sequence:} (40. Ra1 $1 {never crossed my mind. Now White wants to
play a move like Nf6! right away} Qxf5 (40... Rb8 41. Ng4 $1 Nxd3 42. Ra6 Nd8
43. Nxh6 Bxh6 44. Qg6 $18) 41. Rxa8+ Qf8 42. Rxf8+ Bxf8 43. Nxc7 Nxd3 44. b4
Na7 45. gxf4 $16 {Ok, it feels like White is good, but it's hard to spot right
away how problematic Black's position is. For example:} gxf4 (45... exf4 46.
Nf3 Bg7 47. Nd4 $1 Bxd4 (47... Nxb4 48. Ncxb5 Nxb5 49. Nxb5 Nd3 50. Nxd6 $16)
48. cxd4 $18 {And after Bc3-d5, with Bd4 ideas, Black's structure may collapse
completely. Now we also note the weak h6-pawn, a nightmare when your opponent
has a dark-squared B}) 46. Ng4 {with a great advantage - for example:} Kg8 47.
f3 Kf7 48. Kf1 Ke7 49. Ke2 Nb2 50. Be1 $1 $16 {and the weaknesses are too many,
White maintains big winning chances.}) 40... Qd7 {The position is so tense
that after missing only one opportunity, I'm already worse! Because the d3-P
can't be defended and my K-side actions aren't really impressive. Now, with
additional 50 minutes on my clock, I had to start from 0 - naturally I spent
41 minutes on this move!} 41. Nf6 (41. d4 {didn't seem enough either} Nd3 42.
Nf6 Bxf6 43. Qxh6+ Qh7 44. Qxf6+ Qg7 45. Qxg7+ Kxg7 46. Rb1 Ra2 $13 {but it
was possible, even though I'm already playing for a draw here.}) 41... Bxf6 42.
Qxh6+ Qh7 43. Qxf6+ Qg7 44. Qxg7+ Kxg7 45. Rg1 $2 {In my 2nd period of time
trouble, I felt like I had to create some practical counterplay.} (45. Rd1 $1 {
had to be played, to answer Nxd3 with Bxf4, and start fighting hard for a draw:
} Nxd3 46. Bxf4 Nxb2 47. Rb1 $132) 45... Rh8 $2 {Worried about the h-pawn, now
Black gives all the chances back.} (45... Nxd3 {plain simple and good, since I
have no real threats on the K-side without my B} 46. gxf4 exf4 $19) 46. gxf4
exf4 (46... gxf4 47. d4 $1 $13) 47. d4 $1 Nxe4 48. Bxf4 Kf6 $2 (48... Nxc3 $1
49. bxc3 gxf4 $11 {/+/=, but White would still be trying something with the
h-pawn, playing either Kf3+ or Kh3+.}) 49. Bc1 (49. Be3 $16 {perhaps stronger,
avoiding the 50...Nf2 trick.}) 49... Kf5 $2 (49... Rxh5 {was still possible,
since:} 50. f3 ({I thought} 50. Ng4+ {was winning during the game, with f3
next, but now Black gets the Nf6 retreat}) 50... Nf2 $1 {and Black is fighting.
}) 50. Nf1 $18 {Besides holding the extra-pawn, White will have direct
pressure against the exposed black king:} d5 51. Rh1 Ne7 52. f3 Nd6 53. Ne3+
Ke6 54. Ng4 Nf7 55. Re1+ Kd6 56. Ne5 $1 {Simplifying into a hopeless endgame
for Black.} Nxe5 57. Rxe5 Rxh5 58. Bxg5 Ng6 59. Be7+ Kd7 60. Rxh5 Nf4+ 61. Kg3
Nxh5+ 62. Kg4 Ng7 63. Bf6 Ne6 64. f4 Ke8 65. Kf5 Kf7 66. Bg5 b4 67. Ke5 c5 (
67... bxc3 68. bxc3 c6 69. Kd6 Ng7 70. Kxc6 Ke6 71. Kc5 Nf5 72. c4 $18 {
would also be an elementary win.}) 68. dxc5 bxc3 69. bxc3 Nxc5 70. Kxd5 Nb7 71.
c4 {With ups and downs, this was an important win for me, and an interesting
game itself with lots of ideas and minor details here and there. After all, I
also won a very tense last game to end up with +3 - 8/11 and a respectable 4th
place in my 1st time in Wijk Aan Zee, playing the Tata C-group, a great
experience in so many ways!} 1-0